Harry Potter Trivia - Statistics

General Stats
  • This quiz has been taken 58 times
  • The average score is 10 of 13
Answer Stats
Hint Answer % Correct
How many horcruxes did Voldy make? 7
100%
Who did Barty Crouch jr. pretend to be? Mad-eye moody
94%
What is Harry's patronus? Stag
85%
What is Rita skeeter's animagus? Beetle
81%
Who is the annoying child that takes pictures of everything? (rip) Colin Creevey
79%
Who does Ron make out with 24/7 when in denial about liking Hermione? (Year 6) Lavender
79%
What is Hagrid's brother's name? Grawp
77%
What is Hagrid's dragon's name? Norbert
77%
What is the name of Remus' child? Teddy
75%
Who is Trevor? Neville's pet toad
73%
What is Umbridge's patronus? Cat
65%
Who famously offers Harry a biscuit? Mcgonagall
40%
How did Oliver Wood try to commit suicide after losing a quidditch match? Drowning in the shower
38%
No matching quizzes found
Score Distribution
Percent of People with Each Score
Percentile by Number Answered
Your Score History
You have not taken this quiz